01499nam a2200265 a 4500001001300000003000900013005001700022008004100039020002900080040003800109041000800147082002800155100005100183245010100234260004800335300002000383490003600403504003900439520048300478630004900961630005301010630005201063655008101115830003701196000000362272IT-MiSPE20190403141034.0080715s2008 it 000 0 ita d a9788821562525c12.50 EUR aIT-MiSPEbitadIT-MiSPEcIT-MiSPE aita a227.5-COL di ca (23247)1 aColetti, Diego.cvesc. di Como,d1941-eautore13aLe catene della speranza :briflessioni sulle lettere di Paolo dalla prigionia /cDiego Coletti. aCinisello Balsamo (MI) :bSan Paolo,c2008. a201 p. ;c22 cm1 aFame e sete della Parola ;v046 aBibliografia (p. 197-198) e indice aLe lettere dalla prigionia agli Efesini, ai Filippesi, ai Colossesi ci fanno percepire l'esperienza più intima e personale di Paolo. L'apostolo, dotato di un temperamento molto sensibile ed estroverso, riveste qui la sua parola di toni più interiori e più meditati. In ogni pagina di questo libro troviamo un frammento di tre sue lettere, accompagnato da un breve commento, che non vuole sostituire, ma solo introdurre al contatto diretto con la parola viva dell'apostolo.04aBiblia.pN.T.pAd EphesiosxStudio italiano.04aBiblia.pN.T.pAd PhilippensesxStudio italiano.04aBiblia.pN.T.pAd ColossensesxStudio italiano. 7aSacra Scrittura. Studi sul Nuovo TestamentoxPaolo: studi e teologia.2local 0aFame e sete della Parola ;v046.